| 000 | 00365cam a2200145ua 4500 | ||
|---|---|---|---|
| 041 |
_aeng _h |
||
| 082 |
_a621.16 _bDUN/ST |
||
| 100 | _aDuncan, J . | ||
| 245 |
_aSteam and other engines / _cJ.Duncan. _hTextual Documents |
||
| 260 |
_aMelbourne : _bMacMillan and Company Limited , _c1958. |
||
| 300 | _a536 ; . | ||
| 504 | _a | ||
| 942 | _cBK | ||
| 999 |
_c6024 _d6024 |
||